The complete A-Z economics & business studies handbook (Record no. 3493)

000 -LEADER
fixed length control field 00329nam a22001337a 4500
020 ## - INTERNATIONAL STANDARD BOOK NUMBER
International Standard Book Number 0340872764
082 ## - DEWEY DECIMAL CLASSIFICATION NUMBER
Classification number 330.03
100 ## - MAIN ENTRY--PERSONAL NAME
Personal name Wall, Nancy et al.
245 ## - TITLE STATEMENT
Title The complete A-Z economics & business studies handbook
250 ## - EDITION STATEMENT
Edition statement 3rd ed.
260 ## - PUBLICATION, DISTRIBUTION, ETC.
Place of publication, distribution, etc. London
Name of publisher, distributor, etc. Hodder and Stoughton
Date of publication, distribution, etc. 2003
300 ## - PHYSICAL DESCRIPTION
Extent 341p
942 ## - ADDED ENTRY ELEMENTS (KOHA)
Koha item type Book
Holdings
Withdrawn status Lost status Damaged status Not for loan Collection code Permanent Location Current Location Shelving location Date acquired Total Checkouts Full call number Barcode Date last seen Price effective from Koha item type
          Central Library (CL) Central Library (CL) General Stacks 07/15/2016   330.03 WAL S3H-S-308 07/15/2016 07/15/2016 Book
© 2023 Central Library, National University of Sciences and Technology. All Rights Reserved.